| 000 | 00726nam a22002177a 4500 | ||
|---|---|---|---|
| 005 | 20130906142444.0 | ||
| 010 | _aB-512494-504 | ||
| 020 | _a9788126513062 | ||
| 035 | _aB-512494-504 | ||
| 037 |
_aBSB/Ven _bDPL |
||
| 082 |
_29th ed _a368 |
||
| 100 | _aVaughan, Emmett J. | ||
| 245 |
_aFundamentals of Risk and Insurance/ _cby Emmett J. Vaughan |
||
| 260 |
_aNew Delhi _bJohn Wiley & Sons, Inc _c2003 |
||
| 270 |
_a4435/7, Ansari Road, Daryaganj _bNew Delhi _e110002 |
||
| 300 |
_axvi,686p _bill. _c24cm.(Pbk) |
||
| 500 | _aInclude induex | ||
| 700 | _dVaughan, Therese | ||
| 942 |
_2ddc _cEN _mVAU _h368 |
||
| 999 |
_c78760 _d78760 |
||